=LDR 00000nam 2200000 4500 =001 INLIS000000000002586 =005 20130612090918 =008 ***********************************Ind** =035 ##$$0010-061300000002586 =041 ##$$a Ind =082 ##$$a 616.12 =090 ##$$a 616.12, Pet p =100 ##$$a Petch, Michael =245 ##$$a Penyakit jantung, Michael Petch; Alih bahasa, Gunadi =260 ##$$a 1991 $b Jakarta =300 ##$$a vi,138 hlm, ilus, 20 cm =650 ##$$a Jantung =650 ##$$a Penyakit =700 ##$$a Gunadi =850 ##$$a NBPNMAT